Online
Catalog

15 grandes aventureros / (Record no. 1116)

MARC details
000 -CABECERA
campo de control de longitud fija 00774nam a2200241 a 4500
001 - NÚMERO DE CONTROL
campo de control 000001163
005 - FECHA Y HORA DE LA ÚLTIMA TRANSACCIÓN
campo de control 20200929145507.0
008 - DATOS DE LONGITUD FIJA--INFORMACIÓN GENERAL
campo de control de longitud fija 760525s1976 sp a j 001 jcspa
020 ## - NÚMERO INTERNACIONAL ESTÁNDAR DEL LIBRO
Número Internacional Estándar del Libro 8424311272
040 ## - FUENTE DE LA CATALOGACIÓN
Centro catalogador/agencia de origen DO-SdBNP
Lengua de catalogación spa
Centro/agencia transcriptor BNPHU
082 ## - NÚMERO DE LA CLASIFICACIÓN DECIMAL DEWEY
Número de clasificación 923.9
Número de documento/Ítem G216g
100 1# - ENTRADA PRINCIPAL--NOMBRE DE PERSONA
Nombre de persona García Corella, Laura
9 (RLIN) 3968
240 10 - TÍTULO UNIFORME
Título uniforme 15 grands aventuriers.
Lenguaje de la obra Español.
245 10 - MENCIÓN DE TÍTULO
Título 15 grandes aventureros /
Mención de responsabilidad, etc. Laura García Corella.
246 1# - FORMA VARIANTE DE TÍTULO
Título propio/Titulo breve Quince grandes aventureros.
260 ## - PUBLICACIÓN, DISTRIBUCIÓN, ETC.
Lugar de publicación, distribución, etc. España :
Nombre del editor, distribuidor, etc. Fher,
Fecha de publicación, distribución, etc. 1976.
300 ## - DESCRIPCIÓN FÍSICA
Extensión 252 p. :
Otras características físicas il. ;
Dimensiones 22 cm.
490 1# - MENCIÓN DE SERIE
Mención de serie Historia
Designación de volumen o secuencia no. 15
534 ## - NOTA SOBRE LA VERSIÓN ORIGINAL
Encabezamiento principal del original Título original:
Mención de título del original 15 grands aventuriers.
650 #4 - PUNTO DE ACCESO ADICIONAL DE MATERIA--TÉRMINO DE MATERIA
Término de materia o nombre geográfico como elemento de entrada Exploradores
Subdivisión de forma BIOGRAFÍA
9 (RLIN) 3969
650 #4 - PUNTO DE ACCESO ADICIONAL DE MATERIA--TÉRMINO DE MATERIA
Término de materia o nombre geográfico como elemento de entrada Literatura juvenil
Subdivisión de forma BIOGRAFÍA
9 (RLIN) 3970
650 #4 - PUNTO DE ACCESO ADICIONAL DE MATERIA--TÉRMINO DE MATERIA
Término de materia o nombre geográfico como elemento de entrada Conquistadores
Subdivisión de forma BIOGRAFÍA
9 (RLIN) 3971
Holdings
Estado de retiro Estado de pérdida No para préstamo Código de colección Localización permanente Ubicación/localización actual Ubicación en estantería Fecha de adquisición Número de inventario Total de préstamos Signatura topográfica completa Código de barras Fecha visto por última vez Precio válido a partir de Tipo de ítem Koha Número de copia
    Préstamo en sala Dominicana de Servicio Biblioteca Nacional Pedro Henríquez Ureña Biblioteca Nacional Pedro Henríquez Ureña Depósito 07.09.2009 LF1   923.9 G216g 1163-10 25.06.2020 25.06.2020 Libros y folletos  
  Extraviado Préstamo en sala Dominicana de Servicio Biblioteca Nacional Pedro Henríquez Ureña Biblioteca Nacional Pedro Henríquez Ureña Extraviado 03.04.2017 LF1   923.9 G216g 1163-20 25.06.2020 25.06.2020 Libros y folletos e. 2

Powered by Koha